000 00421cam a2200145 4500500
005 20260111102034.0
041 _afre
042 _adc
100 1 0 _aArévalo, Jean-Claude
_eauthor
245 0 0 _aFille de vingt ans
260 _c2005.
500 _a1
786 0 _nEmpan | 59 | 3 | 2005-09-01 | p. 203-203 | 1152-3336
856 4 1 _uhttps://shs.cairn.info/revue-empan-2005-3-page-203?lang=fr&redirect-ssocas=7080
999 _c1629790
_d1629790